000 00624nam a2200229Ia 4500
999 _c4672
_d4672
001 30569
003 GBCCL
005 20241126110524.0
008 820225s1978 oku 000 0 eng d
020 _a0892765003
035 _a(OCoLC)08190013
040 _aLSM
_cLSM
_dLBB
049 _aLBBK
082 _a248.4
_bHAG
092 0 _bH145, 1978
_220
100 1 _aHagin, Kenneth E.,
_d1917-
_98567
245 1 0 _aHow you can be led by the spirit of God /
_cKenneth E. Hagin.
260 _aTulsa, Okla. :
_bKenneth Hagin Ministries,
_cc1978.
300 _a140 p. ;
_c21 cm.
650 0 _aChristian life.
_9183
942 _2ddc
_cBK